|
|
|
|
| LEADER |
01514nam a22004094a 4500 |
| 001 |
EBC202140 |
| 003 |
MiAaPQ |
| 005 |
20200520144314.0 |
| 006 |
m o d | |
| 007 |
cr cn||||||||| |
| 008 |
010323s2002 enka sb 001 0 eng |
| 010 |
|
|
|z 2001025914
|
| 020 |
|
|
|z 0521806682
|
| 020 |
|
|
|z 0521001447 (pbk.)
|
| 035 |
|
|
|a (MiAaPQ)EBC202140
|
| 035 |
|
|
|a (Au-PeEL)EBL202140
|
| 035 |
|
|
|a (CaPaEBR)ebr10005021
|
| 035 |
|
|
|a (CaONFJC)MIL43357
|
| 035 |
|
|
|a (OCoLC)475916976
|
| 040 |
|
|
|a MiAaPQ
|c MiAaPQ
|d MiAaPQ
|
| 050 |
|
4 |
|a JC479
|b .S9 2002
|
| 082 |
0 |
4 |
|a 330.12/6
|2 21
|
| 100 |
1 |
|
|a Swank, Duane.
|
| 245 |
1 |
0 |
|a Global capital, political institutions, and policy change in developed welfare states
|h [electronic resource] /
|c Duane Swank.
|
| 260 |
|
|
|a Camgridge ;
|a New York :
|b Cambridge University Press,
|c 2002.
|
| 300 |
|
|
|a xvi, 333 p. :
|b ill.
|
| 490 |
1 |
|
|a Cambridge studies in comparative politics
|
| 504 |
|
|
|a Includes bibliographical references (p. 299-324) and index.
|
| 533 |
|
|
|a Electronic reproduction. Ann Arbor, MI : ProQuest, 2015. Available via World Wide Web. Access may be limited to ProQuest affiliated libraries.
|
| 650 |
|
0 |
|a Welfare state.
|
| 650 |
|
0 |
|a Capital movements.
|
| 650 |
|
0 |
|a Globalization.
|
| 650 |
|
0 |
|a Comparative government.
|
| 655 |
|
4 |
|a Electronic books.
|
| 710 |
2 |
|
|a ProQuest (Firm)
|
| 830 |
|
0 |
|a Cambridge studies in comparative politics.
|
| 856 |
4 |
0 |
|u https://ebookcentral.proquest.com/lib/matrademy/detail.action?docID=202140
|z Click to View
|